| 000 | 01243nam a2200241Ia 4500 | ||
|---|---|---|---|
| 003 | OSt | ||
| 005 | 20210730110440.0 | ||
| 008 | 130821s1994 ck gr spa | ||
| 020 | _a9586640094 | ||
| 040 |
_aCo-BoUCM _bspa _cCO-JMCR |
||
| 041 | 0 | _aspa | |
| 082 | 0 | 4 |
_a332.11 / _bB213b _223 |
| 110 | 2 |
_aBanco de la República _914538 |
|
| 245 | 1 | 3 |
_aLa banca central en Colombia : _bnormas básicas / _cBanco de la República. |
| 260 |
_aBogotá : _bBanco de la República, _c1994. |
||
| 300 |
_a378 páginas ; _c24 cm. |
||
| 490 | 0 |
_aColección Bibliográfica Banco de la República. _aHistoria y Teoría Económica |
|
| 505 | 0 | _aConstitución política de Colombia. -- Ley 31 de 1992. -- Decreto 1855 de 1991. -- Decreto 246 de 1993. -- Decreto 234 de 1993. -- Decreto 239 de 1993. -- Decreto 193 de 1993. -- Decreto 2520 de 1993 estatutos del Banco de la República. -- Ley 9 de 1991. -- ley 34 de 1993. -- Ley 35 de 1993. -- Decreto 663 de 1993. -- Decreto 653 de 1993. -- Ley 100 e3 1993. -- ley 101 de 1993. -- Ley 42 de 1993. -- Ley 130 de 1994. | |
| 650 | 1 | 4 |
_aBancos centrales _xAspectos constitucionales _zColombia _99921 |
| 650 | 2 | 4 |
_aBancos centrales _xLegislacin̤ _zColombia _99921 |
| 650 | 2 | 4 |
_aFinanzas _97628 |
| 942 |
_cBK _2ddc |
||
| 999 |
_c12056 _d12056 |
||